000 00662nam a22002177a 4500
003 UA-OsUOA
001 43084
007 ta
008 20061205b un ||||| |||| 00| 0 ukr d
100 _aМатвійчук А.В.
090 _a330
_bМ-11
942 _cSA
040 _aUA-OsUOA
_bukr
_cUA-OsUOA
_dUA-OsUOA
245 _aМетод відтворення рейтингів цінних паперів та проведення скорингу акцій
300 _aС.105-116
955 _a0
041 _aukr
080 _a330
773 0 _w43081
_tФінанси України
_dК.
_d2006
_g10
650 7 _a330 Економіка взагалі
_2UDC
999 _c329215
_d329215